Fifteen men on a powder keg : (Record no. 125734)

MARC details
000 -LEADER
fixed length control field 00646nam a22002417a 4500
005 - DATE AND TIME OF LATEST TRANSACTION
control field 20170124105959.0
010 ## - LIBRARY OF CONGRESS CONTROL NUMBER
LC control number 623388
020 ## - INTERNATIONAL STANDARD BOOK NUMBER
Terms of availability 00.00
035 ## - SYSTEM CONTROL NUMBER
System control number 623388
037 ## - SOURCE OF ACQUISITION
Source of stock number/acquisition Cen Lib/Ret
040 ## - CATALOGING SOURCE
Original cataloging agency DPL
Language of cataloging EN
082 ## - DEWEY DECIMAL CLASSIFICATION NUMBER
Classification number 341.135
Item number BOY
100 ## - MAIN ENTRY--PERSONAL NAME
Personal name Boyd, Andrew
9 (RLIN) 15330
245 ## - TITLE STATEMENT
Title Fifteen men on a powder keg :
Statement of responsibility, etc by Andrew Boyd
Remainder of title history of the UN security council /
246 ## - VARYING FORM OF TITLE
Remainder of title
260 ## - PUBLICATION, DISTRIBUTION, ETC. (IMPRINT)
Name of publisher, distributor, etc 11 New fatter lane
Date of publication, distribution, etc 1971
Place of publication, distribution, etc London
270 ## - ADDRESS
City London
300 ## - PHYSICAL DESCRIPTION
Extent 383p.
Dimensions 20cm(Hb)
500 ## - GENERAL NOTE
General note Includes index
650 ## - SUBJECT ADDED ENTRY--TOPICAL TERM
Topical term or geographic name as entry element law
9 (RLIN) 104
650 ## - SUBJECT ADDED ENTRY--TOPICAL TERM
Topical term or geographic name as entry element U N security
9 (RLIN) 15331
942 ## - ADDED ENTRY ELEMENTS (KOHA)
Source of classification or shelving scheme Dewey Decimal Classification
Koha item type English Books
Classification part 341.135
Call number suffix BOY
Holdings
Withdrawn status Lost status Damaged status Not for loan Home library Current library Date acquired Source of acquisition Cost, normal purchase price Total Checkouts Full call number Barcode Date last seen Copy number Cost, replacement price Price effective from Koha item type Public note
Written off       Central Library Central Library 23/06/2015 Cen Lib/Ret 0.00   341.135 BOY 623388 23/06/2015 1 0.00 23/06/2015 English Books Written off on approval by DLB (By Circulation); dtd 15-06-2023

© Delhi Public Library
Hit Counter
free hit counter